| 000 | 00781nam a2200229 a 4500 | ||
|---|---|---|---|
| 005 | 20240924065040.0 | ||
| 008 | 991125s1996 fr 000 0 eng u | ||
| 020 | _a9280311599 | ||
| 035 | _aUPN01000050032 | ||
| 049 | _aCG | ||
| 050 | 4 |
_aLB1507 _bC36 |
|
| 100 | 1 |
_aCarron, Gabriel _931299 |
|
| 245 | 1 | 4 |
_aThe quality of primary schools in different development contexts / _cGabriel Carron, Ta Ngoc Châu. |
| 260 |
_aFrancia : _bUNESCO, International Institute for Educational Planning, _c1996. |
||
| 300 | _a306 p. | ||
| 650 | 4 |
_aEducación primaria _xFines y objetivos _916039 |
|
| 650 | 7 |
_aEducación primaria _xInvestigación _2 _916040 |
|
| 650 | 4 |
_aEducación primaria _zMéxico _94838 |
|
| 700 | 1 |
_aTa, Ngoc Châu, _ecoaut. _931298 |
|
| 905 | _aLibro | ||
| 999 |
_c50032 _d50032 |
||